000 01107cam a2200229 4500
001 ABS65841
008 020902n2002 000 0 eng u
035 _a(Sirsi) u119523
100 _aMorris, N.
245 _aBuilding broadband Britain
260 _c2002
490 _aAccountancy
_v130(1308) August 2002, 50-51(2)
520 _aDiscusses the advantages associated with broadband access to the internet. Points out that it is substantially faster than using a modem, is cheaper and provides a permanent internet connection. The number of people using the technology is rising but BT's recent attempts to boost demand have had a lacklusture reponse and few small and medium enterprises are exploiting the technology. Small practitioners could benefit by being able to do business better by cutting costs and making core business proceedures much quicker.
590 _aABS
650 _aBROADBAND
650 _aSMALL AND MEDIUM SIZED ENTERPRISES
650 _aINTERNET ACCESS
650 _aDOWNLOADS
650 _aBRITISH TELECOM
690 _aINFORMATION TECHNOLOGY-INTERNET
942 _n0
999 _c71053
_d71053